[Event "RUS-chT Women Rapid 2019"]
[Site "Sochi"]
[Date "2019.10.18"]
[Round "4.12"]
[White "Usacheva, Glafira"]
[Black "Gvanceladze, Anna"]
[Result "1-0"]
[WhiteElo "1905"]
[BlackElo "2270"]
[Annotator "NA"]
[PlyCount "83"]
[EventDate "2019.10.18"]
[EventType "swiss"]
[EventCountry "RUS"]
[SourceTitle "playchess.com"]
[Source "ChessBase"]
[SourceQuality "1"]
[TimeControl "900+10"]

1. d4 {[%emt 0:00:00]} d5 {[%emt 0:00:00]} 2. c4 {[%emt 0:00:00]} c6 {[%emt 0:00:00]} 3. Nf3 {[%emt 0:00:01]} Nf6 {[%emt 0:00:00]} 4. Nc3 {[%emt 0:00:08]} dxc4 {[%emt 0:00:00]} 5. a4 {[%emt 0:00:16]} Na6 {[%emt 0:00:02]} 6. e4 {[%emt 0:00:33]} Bg4 {[%emt 0:00:05]} 7. Be3 {[%emt 0:00:42]} e6 {[%emt 0:00:37]} 8. Bxc4 {[%emt 0:00:51]} Nb4 {[%emt 0:00:10]} 9. O-O {[%emt 0:00:53]} Be7 {[%emt 0:00:05]} 10. a5 {[%emt 0:00:32]} O-O {[%emt 0:00:35]} 11. Qd2 {[%emt 0:03:02]} Bxf3 {[%emt 0:00:41]} 12. gxf3 {[%emt 0:00:01]} b5 {[%emt 0:00:55]} 13. Bb3 {[%emt 0:00:34]} a6 {[%emt 0:00:15]} 14. Kh1 {[%emt 0:00:12]} Qd7 {[%emt 0:01:41]} 15. Rg1 {[%emt 0:00:21]} Kh8 {[%emt 0:02:04]} 16. Bg5 {[%emt 0:03:18]} Rad8 {[%emt 0:02:26]} 17. Rad1 {[%emt 0:01:32]} c5 {[%emt 0:01:15]} 18. e5 {[%emt 0:01:20]} Nh5 {[%emt 0:01:41]} 19. Ne4 {[%emt 0:01:17]} cxd4 {[%emt 0:00:41]} 20. Bxe7 {[%emt 0:00:30]} Qxe7 {[%emt 0:00:01]} 21. Nd6 {[%emt 0:00:01]} Nc6 {[%emt 0:00:22]} 22. f4 {[%emt 0:01:23]} Qh4 {[%emt 0:01:46]} 23. Rc1 {[%emt 0:00:02]} Ne7 {[%emt 0:01:06]} 24. Qxd4 {[%emt 0:00:47]} Ng6 {[%emt 0:00:59]} 25. Rc7 {[%emt 0:00:21]} Kg8 {[%emt 0:00:01]} 26. Bd1 {[%emt 0:00:22]} Qxf4 {[%emt 0:00:20]} 27. Qxf4 {[%emt 0:00:13]} Nhxf4 {[%emt 0:00:01]} 28. Bf3 {[%emt 0:00:08]} Nxe5 {[%emt 0:00:06]} 29. Nb7 {[%emt 0:00:17]} Rd2 {[%emt 0:00:31]} 30. Be4 {[%emt 0:00:12]} Rxf2 {[%emt 0:00:29]} 31. Rc5 {[%emt 0:00:01]} Ned3 {[%emt 0:00:12]} 32. Bxd3 {[%emt 0:00:14]} Nxd3 {[%emt 0:00:00]} 33. Rc6 {[%emt 0:00:06]} Rxb2 {[%emt 0:00:42]} 34. Rxa6 {[%emt 0:00:06]} Ne5 {[%emt 0:00:01]} 35. Rg3 {[%emt 0:00:11]} Nc4 {[%emt 0:00:25]} 36. Ra7 {[%emt 0:00:15]} e5 {[%emt 0:00:16]} 37. a6 {[%emt 0:00:02]} e4 {[%emt 0:00:01]} 38. Nc5 {[%emt 0:00:03]} e3 {[%emt 0:00:06]} 39. Re7 {[%emt 0:00:31]} Ra2 {[%emt 0:00:16]} 40. Rg1 {[%emt 0:00:09]} h5 {[%emt 0:00:18]} 41. h4 {[%emt 0:00:10]} Rd8 {[%emt 0:00:09]} 42. Ne6 {[%emt 0:00:06]} 1-0

[Event "RUS-chT Women Rapid 2019"]
[Site "Sochi"]
[Date "2019.10.18"]
[Round "5.1"]
[White "Gunina, Valentina"]
[Black "Bodnaruk, Anastasia"]
[Result "1-0"]
[WhiteElo "2509"]
[BlackElo "2419"]
[Annotator "ChessBase"]
[PlyCount "51"]
[EventDate "2019.10.18"]
[EventType "swiss"]
[EventCountry "RUS"]
[SourceTitle "playchess.com"]
[Source "ChessBase"]
[SourceQuality "1"]
[TimeControl "900+10"]

1. e4 {[%emt 0:00:00]} c5 {[%emt 0:00:00]} 2. Nf3 {[%emt 0:00:00]} d6 {[%emt 0:00:00]} 3. d4 {[%emt 0:00:07]} cxd4 {[%emt 0:00:00]} 4. Nxd4 {[%emt 0:00:02]} Nf6 {[%emt 0:00:00]} 5. Nc3 {[%emt 0:00:02]} a6 {[%emt 0:00:00]} 6. Bg5 {[%emt 0:00:03]} Nbd7 {[%emt 0:00:00]} 7. f4 {[%emt 0:00:51]} Qc7 {[%emt 0:00:05]} 8. Qf3 {[%emt 0:00:09]} e6 {[%emt 0:01:18]} 9. O-O-O {[%emt 0:00:30]} b5 {[%emt 0:00:01]} 10. e5 {[%emt 0:03:12]} Bb7 {[%emt 0:00:47]} 11. Qg3 {[%emt 0:00:02]} dxe5 {[%emt 0:01:19]} 12. fxe5 {[%emt 0:00:05]} Qxe5 {[%emt 0:01:25]} 13. Bf4 {[%emt 0:00:18]} Qc5 {[%emt 0:00:24]} 14. Bxb5 {[%emt 0:02:39]} axb5 {[%emt 0:00:49]} 15. Ndxb5 {[%emt 0:00:02]} Rc8 {[%emt 0:08:33]} 16. Rhe1 {[%emt 0:00:02]} Rc6 {[%emt 0:01:23]} 17. Be3 {[%emt 0:01:31]} Qh5 {[%emt 0:00:55]} 18. Nc7+ {[%emt 0:00:27]} Kd8 {[%emt 0:00:17]} 19. N7b5 {[%emt 0:01:00]} e5 {[%emt 0:00:05]} 20. Bg5 {[%emt 0:00:30]} Be7 {[%emt 0:00:29]} 21. Qxe5 {[%emt 0:00:22]} Re8 {[%emt 0:00:23]} 22. Na7 {[%emt 0:02:29]} Rc7 {[%emt 0:00:11]} 23. Ncb5 {[%emt 0:00:38]} Rc5 {[%emt 0:00:12]} 24. Qb8+ {[%emt 0:00:12]} Rc8 {[%emt 0:00:02]} 25. Nc6+ {[%emt 0:00:12]} Bxc6 {[%emt 0:00:03]} 26. Qb6+ {[%emt 0:00:01]} 1-0

[Event "RUS-chT Women Rapid 2019"]
[Site "Sochi"]
[Date "2019.10.18"]
[Round "5.2"]
[White "Ovod, Evgenija"]
[Black "Bivol, Alina"]
[Result "0-1"]
[WhiteElo "2347"]
[BlackElo "2371"]
[Annotator "NA"]
[PlyCount "64"]
[EventDate "2019.10.18"]
[EventType "swiss"]
[EventCountry "RUS"]
[SourceTitle "playchess.com"]
[Source "ChessBase"]
[SourceQuality "1"]
[TimeControl "900+10"]

1. e4 {[%emt 0:00:00]} e6 {[%emt 0:00:00]} 2. d4 {[%emt 0:00:00]} d5 {[%emt 0:00:00]} 3. Nd2 {[%emt 0:00:00]} c5 {[%emt 0:00:07]} 4. Ngf3 {[%emt 0:00:00]} Nf6 {[%emt 0:00:31]} 5. exd5 {[%emt 0:00:00]} exd5 {[%emt 0:00:02]} 6. dxc5 {[%emt 0:00:46]} Bxc5 {[%emt 0:00:03]} 7. Bb5+ {[%emt 0:00:01]} Bd7 {[%emt 0:00:30]} 8. Bxd7+ {[%emt 0:00:09]} Nbxd7 {[%emt 0:00:10]} 9. O-O {[%emt 0:00:02]} O-O {[%emt 0:00:02]} 10. Nb3 {[%emt 0:00:02]} Bb6 {[%emt 0:00:01]} 11. c3 {[%emt 0:00:35]} Re8 {[%emt 0:00:16]} 12. Nfd4 {[%emt 0:00:47]} Qc7 {[%emt 0:00:42]} 13. Qf3 {[%emt 0:00:49]} Ne5 {[%emt 0:00:09]} 14. Qf5 {[%emt 0:00:14]} Ng6 {[%emt 0:00:51]} 15. Be3 {[%emt 0:00:50]} Re5 {[%emt 0:01:04]} 16. Qf3 {[%emt 0:00:15]} Rae8 {[%emt 0:00:47]} 17. a4 {[%emt 0:03:31]} Re4 {[%emt 0:00:34]} 18. a5 {[%emt 0:01:33]} Bxd4 {[%emt 0:00:01]} 19. Bxd4 {[%emt 0:00:14]} Rf4 {[%emt 0:01:08]} 20. Qd3 {[%emt 0:00:28]} Rg4 {[%emt 0:01:15]} 21. g3 {[%emt 0:00:48]} Nf4 {[%emt 0:01:38]} 22. Qf3 {[%emt 0:00:39]} Ne2+ {[%emt 0:01:39]} 23. Kg2 {[%emt 0:00:33]} Nxd4 {[%emt 0:00:31]} 24. Nxd4 {[%emt 0:00:01]} Rge4 {[%emt 0:00:14]} 25. Rfd1 {[%emt 0:00:12]} h5 {[%emt 0:00:54]} 26. Rd2 {[%emt 0:00:51]} Qc5 {[%emt 0:01:15]} 27. Nf5 {[%emt 0:02:45]} R4e5 {[%emt 0:00:17]} 28. Ne3 {[%emt 0:01:18]} Ne4 {[%emt 0:00:14]} 29. Rd4 {[%emt 0:00:13]} h4 {[%emt 0:01:47]} 30. gxh4 {[%emt 0:00:25]} R8e6 {[%emt 0:01:00]} 31. Nf5 {[%emt 0:01:40]} Rf6 {[%emt 0:00:21]} 32. Qh5 {[%emt 0:00:10]} Rexf5 {[%emt 0:00:06]} 0-1

[Event "RUS-chT Women Rapid 2019"]
[Site "Sochi"]
[Date "2019.10.18"]
[Round "5.3"]
[White "Maltsevskaya, Aleksandra"]
[Black "Belenkaya, Dina"]
[Result "1/2-1/2"]
[WhiteElo "2333"]
[BlackElo "2300"]
[Annotator "NA"]
[PlyCount "143"]
[EventDate "2019.10.18"]
[EventType "swiss"]
[EventCountry "RUS"]
[SourceTitle "playchess.com"]
[Source "ChessBase"]
[SourceQuality "1"]
[TimeControl "900+10"]

1. e4 {[%emt 0:00:00]} d5 {[%emt 0:00:00]} 2. exd5 {[%emt 0:00:00]} Qxd5 {[%emt 0:00:00]} 3. Nf3 {[%emt 0:00:02]} Nc6 {[%emt 0:00:10]} 4. Be2 {[%emt 0:00:30]} Bg4 {[%emt 0:00:12]} 5. h3 {[%emt 0:00:50]} Bxf3 {[%emt 0:02:58]} 6. Bxf3 {[%emt 0:00:02]} Qe6+ {[%emt 0:01:01]} 7. Qe2 {[%emt 0:00:03]} Nd4 {[%emt 0:00:29]} 8. Qxe6 {[%emt 0:00:10]} Nxf3+ {[%emt 0:00:04]} 9. gxf3 {[%emt 0:00:07]} fxe6 {[%emt 0:00:00]} 10. d4 {[%emt 0:00:26]} g6 {[%emt 0:00:08]} 11. Bf4 {[%emt 0:00:29]} Nf6 {[%emt 0:00:32]} 12. c3 {[%emt 0:00:36]} c6 {[%emt 0:00:03]} 13. Nd2 {[%emt 0:00:21]} Bg7 {[%emt 0:00:44]} 14. Be5 {[%emt 0:00:03]} Rf8 {[%emt 0:00:09]} 15. Ke2 {[%emt 0:01:28]} Bh6 {[%emt 0:00:07]} 16. Ne4 {[%emt 0:03:08]} Nd7 {[%emt 0:00:07]} 17. Bg3 {[%emt 0:00:31]} Rf5 {[%emt 0:00:27]} 18. h4 {[%emt 0:00:14]} e5 {[%emt 0:00:13]} 19. h5 {[%emt 0:01:07]} g5 {[%emt 0:01:17]} 20. Rad1 {[%emt 0:01:01]} exd4 {[%emt 0:00:33]} 21. Rxd4 {[%emt 0:00:05]} Bg7 {[%emt 0:00:05]} 22. Rd3 {[%emt 0:00:13]} h6 {[%emt 0:00:15]} 23. Rhd1 {[%emt 0:00:15]} Nb6 {[%emt 0:02:16]} 24. b3 {[%emt 0:00:34]} Be5 {[%emt 0:01:08]} 25. c4 {[%emt 0:00:23]} Bf4 {[%emt 0:00:03]} 26. Bxf4 {[%emt 0:01:35]} gxf4 {[%emt 0:00:21]} 27. Rd6 {[%emt 0:02:05]} Rxh5 {[%emt 0:00:43]} 28. Rg6 {[%emt 0:00:03]} Nd7 {[%emt 0:01:28]} 29. Rg7 {[%emt 0:01:00]} Nf8 {[%emt 0:00:23]} 30. Rg4 {[%emt 0:00:13]} Rd8 {[%emt 0:01:59]} 31. Rxd8+ {[%emt 0:00:31]} Kxd8 {[%emt 0:00:01]} 32. Rxf4 {[%emt 0:00:07]} Ne6 {[%emt 0:00:09]} 33. Rf7 {[%emt 0:00:16]} Rh1 {[%emt 0:00:09]} 34. Rh7 {[%emt 0:00:23]} h5 {[%emt 0:01:46]} 35. Ng3 {[%emt 0:00:49]} Ra1 {[%emt 0:00:03]} 36. Nf5 {[%emt 0:00:48]} Rxa2+ {[%emt 0:00:02]} 37. Ke3 {[%emt 0:00:07]} Rb2 {[%emt 0:00:15]} 38. Rxe7 {[%emt 0:00:05]} Rxb3+ {[%emt 0:00:07]} 39. Ke4 {[%emt 0:00:11]} Nc5+ {[%emt 0:00:15]} 40. Kf4 {[%emt 0:00:11]} Rb4 {[%emt 0:00:23]} 41. Rh7 {[%emt 0:00:15]} Rxc4+ {[%emt 0:00:03]} 42. Ke5 {[%emt 0:00:11]} b5 {[%emt 0:00:40]} 43. Kd6 {[%emt 0:00:10]} Kc8 {[%emt 0:00:06]} 44. Ne7+ {[%emt 0:00:02]} Kb7 {[%emt 0:00:05]} 45. Nd5+ {[%emt 0:00:36]} Ka6 {[%emt 0:00:02]} 46. Kxc6 {[%emt 0:00:08]} Ne4+ {[%emt 0:00:21]} 47. Kd7 {[%emt 0:00:06]} Nxf2 {[%emt 0:00:06]} 48. Rxh5 {[%emt 0:00:08]} Ka5 {[%emt 0:00:18]} 49. f4 {[%emt 0:00:07]} Ne4 {[%emt 0:00:04]} 50. Re5 {[%emt 0:00:18]} Nc5+ {[%emt 0:00:09]} 51. Kd6 {[%emt 0:00:00]} Nb7+ {[%emt 0:00:02]} 52. Kd7 {[%emt 0:00:03]} Nc5+ {[%emt 0:00:03]} 53. Kd6 {[%emt 0:00:01]} Nd3 {[%emt 0:00:01]} 54. Re3 {[%emt 0:00:38]} Rd4 {[%emt 0:00:07]} 55. Kc6 {[%emt 0:00:11]} Nb4+ {[%emt 0:00:17]} 56. Nxb4 {[%emt 0:00:04]} Kxb4 {[%emt 0:00:01]} 57. f5 {[%emt 0:00:12]} Rc4+ {[%emt 0:00:13]} 58. Kb7 {[%emt 0:00:02]} Rf4 {[%emt 0:00:12]} 59. Re5 {[%emt 0:00:04]} Kc4 {[%emt 0:00:07]} 60. Kxa7 {[%emt 0:00:15]} b4 {[%emt 0:00:01]} 61. Kb6 {[%emt 0:00:01]} b3 {[%emt 0:00:06]} 62. Kc6 {[%emt 0:00:02]} Rf2 {[%emt 0:00:35]} 63. Rc5+ {[%emt 0:00:15]} Kd4 {[%emt 0:00:03]} 64. Rb5 {[%emt 0:00:01]} b2 {[%emt 0:00:04]} 65. Kd6 {[%emt 0:00:03]} Kc4 {[%emt 0:00:40]} 66. Rb7 {[%emt 0:00:11]} Kc3 {[%emt 0:00:03]} 67. Ke6 {[%emt 0:00:02]} Re2+ {[%emt 0:00:01]} 68. Kd6 {[%emt 0:00:09]} Re4 {[%emt 0:00:12]} 69. Rxb2 {[%emt 0:00:05]} Kxb2 {[%emt 0:00:01]} 70. f6 {[%emt 0:00:01]} Kc3 {[%emt 0:00:12]} 71. f7 {[%emt 0:00:02]} Rf4 {[%emt 0:00:01]} 72. Ke7 {[%emt 0:00:01]} 1/2-1/2

[Event "RUS-chT Women Rapid 2019"]
[Site "Sochi"]
[Date "2019.10.18"]
[Round "5.4"]
[White "Styazhkina, Anna"]
[Black "Obolentseva, Alexandra"]
[Result "1/2-1/2"]
[WhiteElo "2280"]
[BlackElo "2282"]
[Annotator "NA"]
[PlyCount "40"]
[EventDate "2019.10.18"]
[EventType "swiss"]
[EventCountry "RUS"]
[SourceTitle "playchess.com"]
[Source "ChessBase"]
[SourceQuality "1"]
[TimeControl "900+10"]

1. e4 {[%emt 0:00:00]} c5 {[%emt 0:00:00]} 2. Nf3 {[%emt 0:00:00]} d6 {[%emt 0:00:00]} 3. d4 {[%emt 0:00:00]} cxd4 {[%emt 0:00:00]} 4. Qxd4 {[%emt 0:00:00]} Nc6 {[%emt 0:00:00]} 5. Bb5 {[%emt 0:00:01]} Bd7 {[%emt 0:00:00]} 6. Qd3 {[%emt 0:00:02]} a6 {[%emt 0:00:10]} 7. Bxc6 {[%emt 0:00:02]} Bxc6 {[%emt 0:00:02]} 8. c4 {[%emt 0:00:02]} Nf6 {[%emt 0:00:06]} 9. Nc3 {[%emt 0:00:02]} g6 {[%emt 0:00:07]} 10. O-O {[%emt 0:00:04]} Bg7 {[%emt 0:00:01]} 11. h3 {[%emt 0:00:05]} O-O {[%emt 0:00:05]} 12. Be3 {[%emt 0:00:02]} Nd7 {[%emt 0:00:06]} 13. Nd4 {[%emt 0:00:38]} Nc5 {[%emt 0:00:05]} 14. Qc2 {[%emt 0:00:06]} Bd7 {[%emt 0:00:07]} 15. Rfd1 {[%emt 0:00:10]} Rc8 {[%emt 0:00:05]} 16. Rac1 {[%emt 0:00:33]} Ne6 {[%emt 0:00:03]} 17. Qb3 {[%emt 0:00:30]} Nc5 {[%emt 0:00:12]} 18. Qc2 {[%emt 0:00:04]} Ne6 {[%emt 0:00:09]} 19. Qb3 {[%emt 0:00:05]} Nc5 {[%emt 0:00:38]} 20. Qc2 {[%emt 0:01:01]} Ne6 {[%emt 0:00:18]} 1/2-1/2

[Event "RUS-chT Women Rapid 2019"]
[Site "Sochi"]
[Date "2019.10.18"]
[Round "5.5"]
[White "Pogonina, Natalija"]
[Black "Badelka, Olga"]
[Result "1-0"]
[WhiteElo "2479"]
[BlackElo "2413"]
[Annotator "ChessBase"]
[PlyCount "71"]
[EventDate "2019.10.18"]
[EventType "swiss"]
[EventCountry "RUS"]
[SourceTitle "playchess.com"]
[Source "ChessBase"]
[SourceQuality "1"]
[TimeControl "900+10"]

1. d4 {[%emt 0:00:00]} d5 {[%emt 0:00:00]} 2. c4 {[%emt 0:00:00]} dxc4 {[%emt 0:00:00]} 3. e4 {[%emt 0:00:03]} Nf6 {[%emt 0:00:00]} 4. e5 {[%emt 0:00:02]} Nd5 {[%emt 0:00:00]} 5. Bxc4 {[%emt 0:00:03]} Nb6 {[%emt 0:00:00]} 6. Bb3 {[%emt 0:00:06]} Nc6 {[%emt 0:00:00]} 7. Ne2 {[%emt 0:00:08]} Bf5 {[%emt 0:00:03]} 8. Nbc3 {[%emt 0:00:07]} e6 {[%emt 0:00:02]} 9. O-O {[%emt 0:00:04]} Qd7 {[%emt 0:00:02]} 10. Be3 {[%emt 0:00:14]} O-O-O {[%emt 0:00:04]} 11. Rc1 {[%emt 0:00:23]} Kb8 {[%emt 0:00:48]} 12. Na4 {[%emt 0:00:23]} f6 {[%emt 0:00:22]} 13. exf6 {[%emt 0:02:59]} gxf6 {[%emt 0:00:02]} 14. Ng3 {[%emt 0:00:02]} Bg6 {[%emt 0:00:32]} 15. Nxb6 {[%emt 0:00:27]} cxb6 {[%emt 0:00:23]} 16. Qf3 {[%emt 0:00:14]} Be7 {[%emt 0:01:28]} 17. Rfd1 {[%emt 0:00:21]} Ka8 {[%emt 0:02:59]} 18. d5 {[%emt 0:00:50]} Ne5 {[%emt 0:00:47]} 19. Qe2 {[%emt 0:00:05]} exd5 {[%emt 0:01:50]} 20. Rxd5 {[%emt 0:00:10]} Qe8 {[%emt 0:00:02]} 21. Rcd1 {[%emt 0:01:13]} Rxd5 {[%emt 0:00:36]} 22. Bxd5 {[%emt 0:00:13]} Bc5 {[%emt 0:01:57]} 23. Bxc5 {[%emt 0:03:58]} bxc5 {[%emt 0:00:02]} 24. f4 {[%emt 0:00:08]} Nc6 {[%emt 0:03:13]} 25. Qxe8+ {[%emt 0:03:05]} Bxe8 {[%emt 0:00:02]} 26. Ne4 {[%emt 0:00:08]} Bh5 {[%emt 0:00:05]} 27. Rd2 {[%emt 0:00:12]} Bg6 {[%emt 0:02:18]} 28. Bxc6 {[%emt 0:00:29]} bxc6 {[%emt 0:00:02]} 29. Nxc5 {[%emt 0:00:03]} Re8 {[%emt 0:01:48]} 30. Rd6 {[%emt 0:00:31]} Kb8 {[%emt 0:00:05]} 31. Kf2 {[%emt 0:00:04]} Bh5 {[%emt 0:00:20]} 32. Rd2 {[%emt 0:00:26]} Re7 {[%emt 0:00:16]} 33. Nd7+ {[%emt 0:00:11]} Kc7 {[%emt 0:00:04]} 34. Nxf6 {[%emt 0:00:02]} Bf7 {[%emt 0:00:08]} 35. a3 {[%emt 0:00:44]} Bb3 {[%emt 0:00:14]} 36. g4 {[%emt 0:00:08]} 1-0

[Event "RUS-chT Women Rapid 2019"]
[Site "Sochi"]
[Date "2019.10.18"]
[Round "5.6"]
[White "Sukhareva, Evgeniya"]
[Black "Girya, Olga"]
[Result "0-1"]
[WhiteElo "2122"]
[BlackElo "2476"]
[Annotator "ChessBase"]
[PlyCount "96"]
[EventDate "2019.10.18"]
[EventType "swiss"]
[EventCountry "RUS"]
[SourceTitle "playchess.com"]
[Source "ChessBase"]
[SourceQuality "1"]
[TimeControl "900+10"]

1. d4 {[%emt 0:00:00]} d5 {[%emt 0:00:00]} 2. Nf3 {[%emt 0:00:00]} Nf6 {[%emt 0:00:00]} 3. c4 {[%emt 0:00:00]} c6 {[%emt 0:00:00]} 4. cxd5 {[%emt 0:00:15]} cxd5 {[%emt 0:00:00]} 5. Nc3 {[%emt 0:00:01]} Nc6 {[%emt 0:00:00]} 6. Bf4 {[%emt 0:00:02]} Bf5 {[%emt 0:00:03]} 7. e3 {[%emt 0:00:10]} e6 {[%emt 0:00:03]} 8. Bd3 {[%emt 0:00:02]} Bxd3 {[%emt 0:00:06]} 9. Qxd3 {[%emt 0:00:02]} Be7 {[%emt 0:00:03]} 10. O-O {[%emt 0:00:05]} O-O {[%emt 0:00:01]} 11. Rac1 {[%emt 0:00:07]} Rc8 {[%emt 0:00:07]} 12. h3 {[%emt 0:00:14]} a6 {[%emt 0:00:24]} 13. Qe2 {[%emt 0:00:41]} Nd7 {[%emt 0:00:41]} 14. Ne1 {[%emt 0:01:21]} b5 {[%emt 0:01:24]} 15. Nd3 {[%emt 0:02:27]} Nb6 {[%emt 0:00:02]} 16. Nb1 {[%emt 0:00:29]} Nc4 {[%emt 0:01:54]} 17. Nd2 {[%emt 0:01:08]} Nb4 {[%emt 0:01:49]} 18. b3 {[%emt 0:02:51]} Nxa2 {[%emt 0:03:00]} 19. bxc4 {[%emt 0:04:08]} bxc4 {[%emt 0:00:02]} 20. Ne5 {[%emt 0:00:30]} Nxc1 {[%emt 0:00:09]} 21. Rxc1 {[%emt 0:00:01]} f6 {[%emt 0:01:49]} 22. Nef3 {[%emt 0:00:08]} Ba3 {[%emt 0:00:54]} 23. Rc2 {[%emt 0:00:17]} Qb6 {[%emt 0:00:28]} 24. e4 {[%emt 0:00:36]} Qb5 {[%emt 0:00:48]} 25. Qe3 {[%emt 0:00:37]} Qa4 {[%emt 0:00:39]} 26. Ne1 {[%emt 0:00:59]} Rfe8 {[%emt 0:01:11]} 27. Bg3 {[%emt 0:00:35]} Bb4 {[%emt 0:00:22]} 28. Ndf3 {[%emt 0:00:20]} Qb3 {[%emt 0:00:51]} 29. Qe2 {[%emt 0:00:13]} a5 {[%emt 0:00:25]} 30. Kh2 {[%emt 0:00:52]} Qb1 {[%emt 0:01:01]} 31. Bf4 {[%emt 0:00:19]} Qb3 {[%emt 0:00:11]} 32. Nd2 {[%emt 0:00:23]} Bxd2 {[%emt 0:00:12]} 33. Bxd2 {[%emt 0:00:09]} c3 {[%emt 0:00:33]} 34. Bf4 {[%emt 0:00:11]} Qc4 {[%emt 0:00:07]} 35. Qe3 {[%emt 0:00:12]} dxe4 {[%emt 0:00:02]} 36. f3 {[%emt 0:00:13]} exf3 {[%emt 0:00:32]} 37. Nxf3 {[%emt 0:00:02]} a4 {[%emt 0:00:03]} 38. Bd6 {[%emt 0:00:14]} Qb3 {[%emt 0:00:07]} 39. Qe2 {[%emt 0:00:12]} a3 {[%emt 0:00:06]} 40. Bc5 {[%emt 0:00:03]} e5 {[%emt 0:00:08]} 41. Qf2 {[%emt 0:00:27]} exd4 {[%emt 0:00:21]} 42. Bxd4 {[%emt 0:00:09]} a2 {[%emt 0:00:09]} 43. Rxa2 c2 44. Rb2 {[%emt 0:00:18]} Qd3 {[%emt 0:00:29]} 45. Rb7 {[%emt 0:00:15]} c1=Q {[%emt 0:00:21]} 46. Rxg7+ {[%emt 0:00:06]} Kxg7 {[%emt 0:00:04]} 47. Bxf6+ {[%emt 0:00:05]} Kg8 {[%emt 0:00:16]} 48. Nh4 {[%emt 0:00:14]} Qd6+ {[%emt 0:00:08]} 0-1

[Event "RUS-chT Women Rapid 2019"]
[Site "Sochi"]
[Date "2019.10.18"]
[Round "5.7"]
[White "Guseva, Marina"]
[Black "Dumcheva, Julia"]
[Result "1-0"]
[WhiteElo "2366"]
[BlackElo "2168"]
[Annotator "NA"]
[PlyCount "85"]
[EventDate "2019.10.18"]
[EventType "swiss"]
[EventCountry "RUS"]
[SourceTitle "playchess.com"]
[Source "ChessBase"]
[SourceQuality "1"]
[TimeControl "900+10"]

1. d4 {[%emt 0:00:00]} Nf6 {[%emt 0:00:00]} 2. c4 {[%emt 0:00:00]} e6 {[%emt 0:00:07]} 3. Nc3 {[%emt 0:00:00]} Bb4 {[%emt 0:00:09]} 4. f3 {[%emt 0:00:00]} d5 {[%emt 0:01:34]} 5. a3 {[%emt 0:00:00]} Bxc3+ {[%emt 0:00:19]} 6. bxc3 {[%emt 0:00:00]} c5 {[%emt 0:00:59]} 7. cxd5 {[%emt 0:00:03]} exd5 {[%emt 0:01:09]} 8. e3 {[%emt 0:00:04]} Qe7 {[%emt 0:00:53]} 9. Bd3 {[%emt 0:00:29]} O-O {[%emt 0:00:16]} 10. Ne2 {[%emt 0:00:03]} b6 {[%emt 0:00:24]} 11. O-O {[%emt 0:00:09]} Ba6 {[%emt 0:00:17]} 12. Ng3 {[%emt 0:00:37]} Bxd3 {[%emt 0:00:29]} 13. Qxd3 {[%emt 0:00:02]} c4 {[%emt 0:00:28]} 14. Qd1 {[%emt 0:04:38]} Nc6 {[%emt 0:01:08]} 15. Ra2 {[%emt 0:00:03]} Na5 {[%emt 0:00:18]} 16. Re2 {[%emt 0:00:14]} Nb3 {[%emt 0:00:48]} 17. e4 {[%emt 0:00:07]} Qd7 {[%emt 0:02:09]} 18. Qe1 {[%emt 0:04:08]} a5 {[%emt 0:00:41]} 19. Nf5 {[%emt 0:00:09]} Nxc1 {[%emt 0:01:28]} 20. Qxc1 {[%emt 0:00:02]} h6 {[%emt 0:00:16]} 21. Qf4 {[%emt 0:00:33]} Kh7 {[%emt 0:00:44]} 22. Nxh6 {[%emt 0:01:37]} Nh5 {[%emt 0:01:21]} 23. Qg5 {[%emt 0:01:20]} gxh6 {[%emt 0:00:48]} 24. Qxh5 {[%emt 0:00:03]} b5 {[%emt 0:00:11]} 25. Rb1 {[%emt 0:01:07]} Rab8 {[%emt 0:00:11]} 26. exd5 {[%emt 0:01:03]} Rg8 {[%emt 0:00:24]} 27. Re5 {[%emt 0:01:28]} Rg6 {[%emt 0:00:28]} 28. Qf5 {[%emt 0:00:12]} Qxf5 {[%emt 0:00:53]} 29. Rxf5 {[%emt 0:00:01]} Kg7 {[%emt 0:00:21]} 30. d6 {[%emt 0:00:28]} b4 {[%emt 0:00:06]} 31. axb4 {[%emt 0:00:06]} axb4 {[%emt 0:00:02]} 32. Rc5 {[%emt 0:00:18]} Rxd6 {[%emt 0:00:06]} 33. Rxc4 {[%emt 0:00:03]} b3 {[%emt 0:00:01]} 34. Rb4 {[%emt 0:00:10]} Re8 {[%emt 0:00:27]} 35. R4xb3 {[%emt 0:00:03]} Ra6 {[%emt 0:00:05]} 36. R3b2 {[%emt 0:00:07]} Ra4 {[%emt 0:00:12]} 37. Rc2 {[%emt 0:00:13]} Rd8 {[%emt 0:00:13]} 38. Kf2 {[%emt 0:00:06]} Rc4 {[%emt 0:00:07]} 39. Rbb2 {[%emt 0:00:19]} Kf6 {[%emt 0:00:12]} 40. Ke3 {[%emt 0:00:02]} Re8+ {[%emt 0:00:09]} 41. Kd3 {[%emt 0:00:02]} Rc7 {[%emt 0:00:06]} 42. c4 {[%emt 0:00:05]} Rce7 {[%emt 0:00:01]} 43. Re2 {[%emt 0:00:02]} 1-0

[Event "RUS-chT Women Rapid 2019"]
[Site "Sochi"]
[Date "2019.10.18"]
[Round "5.8"]
[White "Trapeznikova, Darya"]
[Black "Kovanova, Baira"]
[Result "0-1"]
[WhiteElo "2065"]
[BlackElo "2344"]
[Annotator "NA"]
[PlyCount "64"]
[EventDate "2019.10.18"]
[EventType "swiss"]
[EventCountry "RUS"]
[SourceTitle "playchess.com"]
[Source "ChessBase"]
[SourceQuality "1"]
[TimeControl "900+10"]

1. Nf3 {[%emt 0:00:00]} Nf6 {[%emt 0:00:00]} 2. c4 {[%emt 0:00:00]} e6 {[%emt 0:00:03]} 3. e3 {[%emt 0:00:11]} b6 {[%emt 0:00:09]} 4. b3 {[%emt 0:00:51]} Bb7 {[%emt 0:00:09]} 5. Bb2 {[%emt 0:00:02]} Be7 {[%emt 0:00:08]} 6. Be2 {[%emt 0:00:16]} O-O {[%emt 0:00:32]} 7. O-O {[%emt 0:00:15]} c5 {[%emt 0:00:04]} 8. d4 {[%emt 0:00:10]} d6 {[%emt 0:00:39]} 9. Nbd2 {[%emt 0:00:30]} Nbd7 {[%emt 0:00:10]} 10. Qc2 {[%emt 0:00:43]} Re8 {[%emt 0:00:08]} 11. e4 {[%emt 0:03:01]} cxd4 {[%emt 0:00:18]} 12. Nxd4 {[%emt 0:00:05]} Rc8 {[%emt 0:00:04]} 13. Rac1 {[%emt 0:00:44]} Bf8 {[%emt 0:00:57]} 14. Rfd1 {[%emt 0:02:11]} Qc7 {[%emt 0:00:31]} 15. f3 {[%emt 0:01:08]} Qb8 {[%emt 0:00:21]} 16. Nf1 {[%emt 0:00:16]} Ne5 {[%emt 0:02:22]} 17. Qd2 {[%emt 0:01:04]} a6 {[%emt 0:00:21]} 18. a4 {[%emt 0:00:23]} Ng6 {[%emt 0:03:27]} 19. g3 {[%emt 0:01:12]} h5 {[%emt 0:01:22]} 20. Ne3 {[%emt 0:01:50]} h4 {[%emt 0:00:38]} 21. Qe1 {[%emt 0:00:38]} d5 {[%emt 0:00:41]} 22. cxd5 {[%emt 0:00:18]} exd5 {[%emt 0:00:02]} 23. Rxc8 {[%emt 0:00:32]} Qxc8 {[%emt 0:00:03]} 24. Rc1 {[%emt 0:00:56]} Qd7 {[%emt 0:00:07]} 25. Nxd5 {[%emt 0:00:17]} Nxd5 {[%emt 0:00:10]} 26. exd5 {[%emt 0:00:01]} Qxd5 {[%emt 0:00:33]} 27. Qf2 {[%emt 0:00:41]} hxg3 {[%emt 0:00:47]} 28. hxg3 {[%emt 0:00:02]} Bc5 {[%emt 0:00:03]} 29. Bc4 {[%emt 0:00:15]} Qh5 {[%emt 0:00:41]} 30. Kg2 {[%emt 0:00:19]} Qg5 {[%emt 0:00:23]} 31. Kh2 {[%emt 0:00:44]} Ne5 {[%emt 0:00:15]} 32. Be2 {[%emt 0:00:17]} Ng4+ {[%emt 0:00:22]} 0-1